000 00648nam a2200205 a 4500
001 000026508
005 20240412074252.0
008 110322s20uu dr r 000 p spa d
040 _aDO-SdBNP
_bspa
_cBNPHU
082 _aRD861.44
_bC199d
100 1 _aCampusano, Ramón A.
_953583
245 1 0 _aDeleite /
_cRamón A. Campusano ; prólogo Ingrid Moncle.
260 _aHigüey :
_bImpreso Oriental,
_c[200?].
300 _a26 p. ;
_c28 cm.
590 _aInventariado, 2018/BT
650 0 _aPoesía dominicana
_966
650 0 _aLiteratura dominicana.
_967
700 1 2 _aMoncle, Ingrid,
_epról.
_953584
910 _aValidado. Control de calidad. MFF
999 _c26000
_d26000